000 00518nam a2200169 a 4500
001 000034286
005 20200930073623.0
008 110929s2008 uk 00 0 spa d
020 _a9781846880704
040 _aDO-SdBNP
_beng
_cBNPHU
082 _axxxx
_bM684o
100 1 _aMitsugu Saotome
_959712
245 1 0 _aOkei :
_ba girl from the provinces /
_cMitsugu Saotome ; translated by Kenneth J. Bryson.
260 _aRichmond , Londres :
_bAlma Books,
_c2008.
300 _a350 p. ;
_c21 cm.
700 1 _aBryson,
_959713
999 _c33777
_d33777